[Event "Mediterranean-ch 11th"]
[Site "Petrovac"]
[Date "2021.06.21"]
[Round "4"]
[White "Cheishvili, Nani"]
[Black "Malisic, Miodrag"]
[Result "0-1"]
[WhiteElo "1742"]
[BlackElo "1832"]
[PlyCount "40"]
[EventDate "2021.06.19"]
[EventType "swiss"]
[EventRounds "9"]
[EventCountry "MNE"]
[SourceTitle "CBM 203 Extra"]
[Source "ChessBase"]
[SourceDate "2021.09.30"]
[SourceVersion "1"]
[SourceVersionDate "2021.09.30"]
[SourceQuality "1"]

1. e4 e5 2. Nf3 Nf6 3. Nxe5 d6 4. Nf3 Nxe4 5. d4 d5 6. Bd3 Bd6 7. 0-0 0-0 8. c4 c6 9. c5 Bc7 10. Nbd2 f5 11. Nb3 Be6 12. Re1 Bf7 13. Bd2 Nd7 14. a4 Bh5 15. Be2 Bxf3 16. Bxf3 Bxh2+ 17. Kf1 Qh4 18. Re2 Bg3 19. Rxe4 fxe4 20. fxg3 Qxg3 0-1

[Event "Mediterranean-ch 11th"]
[Site "Petrovac"]
[Date "2021.06.19"]
[Round "1"]
[White "Cheishvili, Nani"]
[Black "Velikic, Adela"]
[Result "0-1"]
[WhiteElo "1742"]
[BlackElo "2286"]
[PlyCount "88"]
[EventDate "2021.06.19"]
[EventType "swiss"]
[EventRounds "9"]
[EventCountry "MNE"]
[SourceTitle "CBM 203 Extra"]
[Source "ChessBase"]
[SourceDate "2021.09.30"]
[SourceVersion "1"]
[SourceVersionDate "2021.09.30"]
[SourceQuality "1"]

1. e4 e6 2. d3 d5 3. Nd2 Nf6 4. Ngf3 c5 5. Be2 Nc6 6. 0-0 Be7 7. Re1 0-0 8. c3 Qc7 9. Qc2 b6 10. Nf1 Bb7 11. Bd1 Rac8 12. Ng3 Rfd8 13. Qe2 Ba6 14. e5 Nd7 15. Bc2 h6 16. Nh5 Bf8 17. g4 g6 18. Ng3 Bg7 19. Bf4 g5 20. Nxg5 hxg5 21. Bxg5 Ncxe5 22. Bxd8 Qxd8 23. f3 d4 24. Ne4 Nf6 25. c4 Nxe4 26. fxe4 Qh4 27. Bd1 Qh3 28. Qf1 Qxf1+ 29. Rxf1 Nxd3 30. b3 Bb7 31. Bf3 Ne5 32. Rae1 Bh6 33. h3 Be3+ 34. Kg2 Nxf3 35. Kxf3 f5 36. g5 Bxe4+ 37. Ke2 f4 38. h4 f3+ 39. Rxf3 Bxf3+ 40. Kxf3 Rf8+ 41. Kg4 Rf4+ 42. Kh5 Kg7 43. Rh1 d3 44. a3 d2 0-1